|
|
|
|
| LEADER |
00685nta a2200193 i 4500 |
| 001 |
dipl89429 |
| 005 |
20230405152449.0 |
| 008 |
201103s1994 hu om 0|| zxx d |
| 040 |
|
|
|a SZTE Diploma Repozitórium
|b hun
|
| 041 |
|
|
|a zxx
|
| 100 |
1 |
|
|a Szabó Ferenc
|
| 245 |
1 |
0 |
|a Csongrád vármegye országgyűlési követutasításai az örökváltság tárgyában (1832-1848)
|h [elektronikus dokumentum] /
|c Ferenc Szabó
|
| 260 |
|
|
|c 1994
|
| 650 |
|
4 |
|a Pedagógusképzés
|
| 650 |
|
4 |
|a Humanities
|
| 650 |
|
4 |
|a History and archaeology
|
| 650 |
|
4 |
|a History
|
| 700 |
1 |
|
|a Marjanucz László
|e ths
|
| 856 |
4 |
0 |
|u https://diploma.bibl.u-szeged.hu/id/eprint/89429/1/1994_szabo_ferenc.pdf
|z Dokumentum-elérés
|